| 000 | 01646nam a22002897a 4500 | ||
|---|---|---|---|
| 999 |
_c21773 _d21773 |
||
| 003 | AR-CdUCM | ||
| 008 | 190425b ||||| |||| 00| 0 spa d | ||
| 040 |
_aMUNICIPALIDAD PROVINCIAL DEL CUSCO _cBIBLIOTECA MUNICIPAL DEL CUSCO |
||
| 082 | _aRev.Univ/N°119/1960 | ||
| 110 |
_aUniversidad Nacional de San Antonio Abad del Cusco _915942 |
||
| 245 |
_aRevista Universitaria : _bÓrgano de la Universidad del Cuzco / |
||
| 260 |
_aCusco : _bH.G. Rozas, _c1960. |
||
| 300 |
_a408 páginas. : _c20 cm. |
||
| 440 |
_aRevista Universitaria _nAño XLIX, 2° semestre 1960, N°119. _946035 |
||
| 505 | _aContenido: Homenaje a Alberto Giesecke. -- Números índices mensuales de artículos de primera necesidad para la provincia del Cuzco. Gustavo Núeñez del Prado. -- Un comentario de la realidad penitenciaria del Perú y la necesidad de crear nuevos establecimientos penales. Ricardo Angulo Monge. -- Fenomenología de la creación poética. José Armando Tamayo. -- El proyecto de antropología aplicada del Cuzco. Eduardo Marmanillo. -- Un mapa regional en litoescultura. Emilio Harth Terre. -- Extracto y versión paleográfica del segundo libro del cabildo. Jesús Manuel Covarrubias Pozo. | ||
| 650 |
_aAntropología cusqueña _945862 |
||
| 650 |
_aPucara _946036 |
||
| 650 |
_aLibro de Cabildo Cusco _946037 |
||
| 650 |
_aAlberto Giesecke _946038 |
||
| 700 |
_aHarth Terre, Emilio _946011 |
||
| 700 |
_aNúñez del Prado, Oscar _95531 |
||
| 700 |
_aTamayo Herrera, José _911513 |
||
| 700 |
_aNúñez del Prado, Gustavo _924114 |
||
| 710 |
_aUniversidad Nacional de San Antonio Abad del Cusco _915942 |
||
| 942 |
_2ddc _cPP |
||
| 945 | _arac | ||